| 000 | 02229nam a22004094a 4500 | ||
|---|---|---|---|
| 001 | ebr10369818 | ||
| 003 | CaPaEBR | ||
| 006 | m u | ||
| 007 | cr cn||||||||| | ||
| 008 | 070524s2007 dcua sb i001 0 eng | ||
| 010 | _z 2007022159 | ||
| 016 | 7 |
_z101307871 _2DNLM |
|
| 020 | _z9780821371930 (pbk. : alk. paper) | ||
| 020 | _z0821371932 (pbk. : alk. paper) | ||
| 020 | _z9780821371947 (e-ISBN) | ||
| 020 | _z0821371940 (e-ISBN) | ||
| 040 |
_aCaPaEBR _cCaPaEBR |
||
| 035 | _a(OCoLC)173817316 | ||
| 043 | _ad------ | ||
| 050 | 1 | 4 |
_aRA410.55.D48 _bH45 2007eb |
| 082 | 0 | 4 |
_a362.109172/4 _222 |
| 245 | 0 | 0 |
_aHealthy development _h[electronic resource] : _bthe World Bank strategy for health, nutrition, & population results. |
| 260 |
_aWashington, DC : _bWorld Bank, _cc2007. |
||
| 300 |
_axix, 220 p. : _bcol. ill. |
||
| 504 | _aIncludes bibliographical references (p. 201-210) and index. | ||
| 505 | 0 | _aExecutive summary -- Introduction and overview -- Opportunities and challenges in the new international environment in health -- Bank contribution and challenges in implementing the 1997 HNP strategy -- How can the bank better serve client countries in the new environment? Bank comparative advantages for HNP results -- New bank strategic objectives: what HNP results? -- New bank strategic directions: how should the bank support client-country efforts? -- Implications for priority health, nutrition, and population programs and interventions -- Implementing new bank HNP strategic directions. | |
| 533 |
_aElectronic reproduction. _bPalo Alto, Calif. : _cebrary, _d2013. _nAvailable via World Wide Web. _nAccess may be limited to ebrary affiliated libraries. |
||
| 610 | 2 | 0 | _aWorld Bank. |
| 650 | 0 |
_aPublic health _zDeveloping countries _xFinance. |
|
| 650 | 0 |
_aPublic health _zDeveloping countries _xInternational cooperation. |
|
| 650 | 0 |
_aNutrition policy _zDeveloping countries _xFinance. |
|
| 650 | 0 |
_aPopulation assistance _zDeveloping countries _xFinance. |
|
| 655 | 7 |
_aElectronic books. _2local |
|
| 710 | 2 | _aWorld Bank. | |
| 710 | 2 | _aebrary, Inc. | |
| 856 | 4 | 0 |
_uhttp://site.ebrary.com/lib/rucke/Doc?id=10369818 _zAn electronic book accessible through the World Wide Web; click to view |
| 999 |
_c110166 _d110166 |
||